00461 2200145 4500245013000000250001100130110003700141650001200178005001900190260004600209041001400255084001100269300002600280336000900306 aPetunjuk Penyelenggaraan Pakaian Seragam Anggota Gerakan Pramuka b : 174 Tahun 2012cKwartir Nasional Gerakan PramukahText aCet. 1 aKwartir Nasional Gerakan Pramuka aPramuka a20230209093133 aJakartabKwartir Nasional Gerakan Pramuka aIndonesia a369.43 axii, 56 hlm. :cilus. atext